CAV 2023.1 - Statistics

General Stats
  • This quiz has been taken 25 times
    9 since last reset
  • The average score is 54 of 59
Answer Stats
Answer % Correct
ANA LAURA SANT'ANA LOPES
100%
ANDREI LUDESCHER
100%
ARCANJO GONZALEZ NETO
100%
BRUNO CANCINO BARONE
100%
CAUÃ MARTINS FERREIRA
100%
CAUÊ ABUD WINCHESKI
100%
DANIEL INGEGNERI DE ALMEIDA
100%
INGRID BLANCO SCHOBINGER
100%
EDUARDO YOSHIRO ITAKURA
100%
FELIPE PEZZOTTA DE ARRUDA PAES
100%
FRANCÍSCO GURGEL
100%
FRANCÍSCO PÍRES
100%
GABRIELA RODRIGUES NASTARI
100%
GABRIELA RODRIGUEZ SALVADOR
100%
GUSTAVO KNOPP
100%
GUSTAVO LOPES DA SILVA
100%
HELOISA LATROVA MACEDO
100%
HENRIQUE AUGUSTO FERNANDEZ
100%
ÍRIS
100%
JOÃO PAULO DOS SANTOS RIEHL
100%
JULIANA GUARANA
100%
JULIA PASTORELLO DUARTE
100%
KEVIN TAKADA TOZZI ALVES
100%
LAÍS
100%
LUCA DE ASCENÇÃO DIAS LOPES
100%
LUCAS BOROVINA SANTOS EUZEBIO
100%
LUCAS MARINHO DE BARROS
100%
MANUELLA CARMONA VICENTE
100%
MARIA ANTONIA PRATES ORIA CARNEIRO
100%
MARIA EDUARDA PRADO DE ALMEIDA
100%
MARIA LAURA PRESTES BADRA
100%
MAYARA FELTRIN
100%
MAY MARQUES BUENO
100%
MEL MANIGLIA COMPARINI
100%
NICOLLE CARVALHO CHAGAS
100%
PEDRO CARREIRO FIGUEIRA
100%
PEDRO DINIZ BICUDO
100%
PEDRO GIL DA CUNHA
100%
PEDRO ZANOVELO
100%
RAFAEL FAGGIONI BITTENCOURT
100%
RAFAEL FRANQUINI MIGLIORI
100%
RAFAEL GARCIA CUNHA MELO
100%
THEO SASDELLI CALABRÓ ORABONA
100%
TIAGO MACHADO LA PORTA DI TOMASO
100%
TULLIO PORTO LEITE TRONCO
100%
VICTÓRIA ABRAHAMS
100%
VITOR ALTAVISTA
100%
MARINA B J DE A PIRES
67%
ELENA PIZZORNO KNORR
67%
GABRIEL
67%
GIOVANA DA SILVA MORAES
67%
HELENA KARG DE ARRUDA PINTO
67%
ISADORA DE SÁ E FERREIRA
67%
LUIS DANILO SALAMA
67%
MARINA BRANDÃO VERRONE
67%
NATHAN SANTOS REAL PORTO
67%
ELISA DEFINE
33%
VITÓRIA
33%
JOTA SANT'ANNA
0%
No matching quizzes found
Score Distribution
Percent of People with Each Score
Percentile by Number Answered
Your Score History
You have not taken this quiz since the last reset